000 00625nam a2200217Ia 4500
005 20260429112059.0
008 260429s9999||||xx |||||||||||||| ||und||
020 _a9781032646299
041 _aEnglish
082 _a338.9
_bGUP
100 _aGupta, Kausik
245 0 _aInternational trade, economic development and national welfare :
_bessays in memory of Sarbajit Chaudhuri /
_cKausik Gupta
250 _a1st ed.
260 _aLondon :
_bRoutledge,
_c2024.
300 _axvi, 248 p.; hb
650 _a development
650 _a Economics
650 _aTrade
700 _a Dwibedi, Jayanta Kumar
942 _cTB
999 _c52243
_d52243